000 00664nam a2200217Ia 4500
003 GCL
008 140319s9999 xx 000 0 ara d
040 _aGCL /
_cGCL
082 0 4 _a320.17
_bع ق
100 1 _aعمر الفاروق السيد رجب
245 1 0 _aقوة الدولة:دراسة جيوستراتيجية /
_cعمر الفاروق السيد رجب
260 _a[S.N] :
_bمكتبة مدبولى ،
_c1992
300 _a303 ص
490 _a
650 0 4 _aتاريخ
650 0 4 _aالدولة
650 0 4 _aالحدود السياسية
650 0 4 _aالقوات المسلحة
650 0 4 _aسيادة الدولة
942 _2ddc
_cBK
999 _c29986
_d29986